000 00580nam a22001817a 4500
999 _c188714
_d188714
005 20220602105749.0
010 _aENG-132935
020 _a9788195255269
_c450.00
035 _aEN-116467
037 _bDBAD/PUB
082 _a304.6
100 _aSingh, Renu
245 _aPrimary Productivity of Phytoplankton/
_cRenu Singh
260 _aNew Delhi
_bAyushman Publication House
_c2021
270 _a352/D2 Ajit Bhawan Munirka Near J.N.U. Main Gate
_bNew Delhi
_e110067
_mayushmanpuhouse@gmail.com
300 _a128p.
_c23cm(hbk)
942 _2ddc
_cEN
_h304.6
_mREN